000 01388 a2200193 4500
001 22536
005 20260407155516.0
008 260407a1975 arg spa d
003 AR-UNSa-BCEJYS
040 _aAR-UNSa-BCEJYS
_bspa
_cAR-UNSa-BCEJYS
080 _a336.226.3
_xImpuestos por el uso de los ingresos. Impuestos al consumo. IVA
245 1 0 _aEl impuesto al valor agregado
264 1 _aBuenos Aires :
_bEdiciones Contabilidad Moderna
_c1975
300 _a758 p.
_c23 cm.
505 _a1. Teoria general del impuesto - 2. Origen y expanción del IVA - 3. Antecedentes nacionales - 4. Objeto del impuesto - 5. Análisis comparativo.El objeto en el impuesto a las ventas - 6. Sujeto del impuesto - 7. Análisis comparativo.El sujeto en el impuesto a la venta - 8. Excenciones - 9. Análisis comparativo. Las excenciones en el impuesto a las ventas - 10. Determinación del impuesto(regimen general) - 11. Análisis comparativo.Regimen general de determinación en impuesto a las ventas - 12. Determianación del impuesto(cuestiones especiales) - 13. Análisis comparativo.Determinación del impuesto a las ventas(cuestiones especials)- 14. Contabilidad fiscal y obligaciones del contribuyente - 15. Liquidación y pago del impuesto y problema de transición - 16. Ejercicios - Apendice.
942 _cBK
590 _aniveau_biblio:m niveau_hierar:0
100 1 _aReig, Enrique Jorge
999 _c1033
_d1033